Pidato pembukaan rapat senat terbuka pada dies natalis Universitas Gadjah Mada jang ke X (lustrum II) pada tanggal 19 Desember 1959, (Record no. 89158)

MARC details
000 -LEADER
fixed length control field 00797cam a22002531 4500
001 - CONTROL NUMBER
control field sa 68019949
003 - CONTROL NUMBER IDENTIFIER
control field DLC
005 - DATE AND TIME OF LATEST TRANSACTION
control field 20260227112721.0
008 - FIXED-LENGTH DATA ELEMENTS--GENERAL INFORMATION
fixed length control field 940504s1959 io ac 000 0 ind
010 ## - LIBRARY OF CONGRESS CONTROL NUMBER
LC control number sa 68019949
025 ## - OVERSEAS ACQUISITION NUMBER
Overseas acquisition number PL480:Indo-8225
035 ## - SYSTEM CONTROL NUMBER
System control number (OCoLC)30381251
040 ## - CATALOGING SOURCE
Original cataloging agency DLC
Transcribing agency CU
Modifying agency CU
-- DLC
042 ## - AUTHENTICATION CODE
Authentication code premarc
050 00 - LIBRARY OF CONGRESS CALL NUMBER
Classification number LG181.J6
Item number S317
100 1# - MAIN ENTRY--PERSONAL NAME
Personal name Sardjito, M.
245 00 - TITLE STATEMENT
Title Pidato pembukaan rapat senat terbuka pada dies natalis Universitas Gadjah Mada jang ke X (lustrum II) pada tanggal 19 Desember 1959,
Statement of responsibility, etc. oleh M. Sardjito.
250 ## - EDITION STATEMENT
Edition statement [Tjet. 1.
260 ## - PUBLICATION, DISTRIBUTION, ETC.
Place of publication, distribution, etc. Jogjakarta,
Date of publication, distribution, etc. 1959?]
300 ## - PHYSICAL DESCRIPTION
Extent 43, [26] p.
Other physical details illus., ports.
Dimensions 24 cm.
500 ## - GENERAL NOTE
General note Pages [44-69] lists faculty.
610 20 - SUBJECT ADDED ENTRY--CORPORATE NAME
Corporate name or jurisdiction name as entry element Universitas Gadjah Mada.
710 2# - ADDED ENTRY--CORPORATE NAME
Corporate name or jurisdiction name as entry element Universitas Gadjah Mada.

No items available.

Powered by Koha